ბათუმის შოთა რუსთაველის სახელმწიფო უნივერსიტეტის ბიბლიოთეკა

Справочник по гидроизоляции сооружений. (ბიბ.ჩანაწერი № 47144)

000 -LEADER
fixed length control field 00610nam a2200205Ia 4500
001 - CONTROL NUMBER
control field 14002
003 - CONTROL NUMBER IDENTIFIER
control field GE_BSU
008 - FIXED-LENGTH DATA ELEMENTS--GENERAL INFORMATION
fixed length control field 181216s||||||||xx |||||||||||||| ||und||
040 ## - CATALOGING SOURCE
Transcribing agency GE_BSU
080 ## - UNIVERSAL DECIMAL CLASSIFICATION NUMBER
Universal Decimal Classification number 692.22(035.3)
100 ## - MAIN ENTRY--PERSONAL NAME
Personal name Попченко,П.Д.
245 ## - TITLE STATEMENT
Title Справочник по гидроизоляции сооружений.
245 ## - TITLE STATEMENT
Statement of responsibility, etc. Науч. ред. П.Д.Глебов.
260 ## - PUBLICATION, DISTRIBUTION, ETC.
Place of publication, distribution, etc. Л.
260 ## - PUBLICATION, DISTRIBUTION, ETC.
Name of publisher, distributor, etc. Стройиздат.
260 ## - PUBLICATION, DISTRIBUTION, ETC.
Date of publication, distribution, etc. 1975.
300 ## - PHYSICAL DESCRIPTION
Extent 232 стр. 21 см.
653 ## - INDEX TERM--UNCONTROLLED
Uncontrolled term Справочник по гидроизоляции сооружений.
942 ## - ADDED ENTRY ELEMENTS (KOHA)
Koha item type წიგნი
ეგზემპლარები
Withdrawn status Lost status Damaged status Not for loan Date acquired Barcode Date last seen Price effective from Koha item type
        2018-12-17 9982 2018-12-17 2018-12-17 წიგნი